000 01826nam a2200421 c 4500
001 44833
003 ES-MaCES
005 20170707132252.0
008 140630s2013 sp l o000 | spa d
017 _aM 3082-2002
_bDL
024 7 _a720-13-089-6
_2nipo
024 7 _a630-13-171-23
_2nipo
040 _aES-MaCES
_bspa
_cES-MaCES
110 1 _aEspaña
_tReal Decreto Legislativo por el que se aprueba el texto refundido de la Ley del impuesto sobre la renta de no residentes
_d2004
_93327
245 1 0 _aImpuesto sobre la renta de no residentes
_b: (actualización noviembre 2013)
250 _a2ª ed.
260 _a[Madrid]
_bMinisterio de Hacienda y Administraciones Públicas
260 _bMinisterio de Economía y Competitividad
_c2013
300 _a86 p.
_c17 cm
490 1 _aTextos legales / separata del Boletín Oficial de los Ministerios de Hacienda y Administraciones Públicas y de Economía y Competitividad
_v14-2013
500 _aÍndices
541 _cGratuito
650 4 _aemigrante
_928628
650 4 _aimpuesto sobre la renta de personas físicas
_928084
650 4 _aEspaña
_926964
650 4 _apaís de salida
_929798
650 4 _alegislación económica
_927161
650 4 _areglamento
_927154
650 4 _atexto
_929624
653 1 0 _aLegislación
710 1 _aEspaña
_bMinisterio de Economía y Hacienda
_93237
710 1 _aEspaña
_bMinisterio de Economía y Competitividad
_eed.
_93236
710 1 _93246
_aEspaña
_bMinisterio de Hacienda y Administraciones Públicas
_eed.
787 0 _tImpuesto sobre la renta de no residentes
_w(ES-MaCES)24853
830 0 _aTextos legales / separata del Boletín Oficial de los Ministerios de Hacienda y Administraciones Públicas y de Economía y Competitividad
_v14-2013
_934653
902 _aLIB Libro
942 _2CES
_cBK
_h6.1.
999 _c44833
_d44833